000 01143nam a22003012a 4500
001 26088
003 BD-RjUL
005 20211209050953.0
008 140320r19661926stkh 000 1 eng d
035 _a(BD-RjUL)26158
040 _aDLC
_cDLC
_dBD-RjUL
_beng
041 _aeng
082 0 0 _a821.3
_bDAD 1966
100 1 _aDaniel, Samuel,
_d1562-1619.
_980164
245 1 2 _aA defence of ryme against a pamphlet entituled Obseruations in the art of English poesie, 1603 /
_cSamuel Daniel. Observations in the art of English poesie, 1602 by Thomas Campion.
260 _aEdinburgh :
_bEdinburgh U.P,
_c1926 [Reprinted 1966].
300 _a43, 45 p. :
_bfacsims. ;
_c19 cm.
650 0 _aPoetry
_vEarly works to 1800.
_962996
650 0 _aEnglish language
_xRhyme
_980165
650 0 _aEnglish language
_xVersification
_955559
830 0 _v14
_980171
700 1 2 _aCampion, Thomas,
_d1567-1620.
_tObservations in the art of English poesie.
_f1966.
_980167
740 0 _aObservations in the art of English poesie
830 0 _aElizabethan and Jacobean quartos ;
_980172
942 _2ddc
_cBK
999 _c26088
_d26088